| 000 | 01194cam a22002891i 4500 | ||
|---|---|---|---|
| 003 | SA-RiAUC | ||
| 005 | 20241126062241.0 | ||
| 008 | 241124s1973 le f b 00000 ara c | ||
| 040 |
_aSA-RiAUC _bara _cSA-RiAUC _erda |
||
| 082 | 0 | 4 |
_a258.6 _qSA-RiAUC |
| 090 |
_a258.6 _bح س ن |
||
| 100 | 1 |
_aالحسني، هاشم معروف، _d1919-1983 _eمؤلف. |
|
| 245 | 1 | 0 |
_aتاريخ الفقه الجعفري : _bعرض ودراسة / _cتأليف هاشم معروف الحسني ؛ تقديم محمد جواد مغنية. |
| 250 | _aالطبعة الثانية. | ||
| 264 | 1 |
_aبيروت : _bدار الكتاب اللبناني، _c1973 |
|
| 300 |
_a295 صفحة ؛ _c24 سم |
||
| 336 |
_aنص _btxt _2rdacontent _3كتاب |
||
| 337 |
_aبدون وسيط _bn _2rdamedia |
||
| 338 |
_aمجلد _bnc _2rdacarrier |
||
| 504 | _aببليوجرافية : صفحة 289-291. | ||
| 504 | _aيشتمل على إرجاعات ببليوجرافية. | ||
| 650 | 7 |
_aالفقه الجعفري _xتاريخ _2aucsh |
|
| 650 | 7 |
_aفقه الشيعة _2aucsh |
|
| 700 | 1 |
_aمغنية، محمد جواد، _d1904-1979 _eمقدم. |
|
| 942 |
_2ddc _cBOOK _n0 |
||
| 949 |
_aSA-JeALM _d241124 _umohamedma123 _n1 |
||
| 999 |
_c2773 _d2773 |
||